Journey of an edupreneur design-thinking approach (Record no. 527298)
[ view plain ]
| 000 -LEADER | |
|---|---|
| fixed length control field | 01049nam a22001577a 4500 |
| 008 - FIXED-LENGTH DATA ELEMENTS--GENERAL INFORMATION | |
| fixed length control field | 240821b ||||| |||| 00| 0 eng d |
| 100 ## - MAIN ENTRY--PERSONAL NAME | |
| Personal name | Shagirbasha, Shameem |
| 245 ## - TITLE STATEMENT | |
| Title | Journey of an edupreneur design-thinking approach |
| 260 ## - PUBLICATION, DISTRIBUTION, ETC. (IMPRINT) | |
| Place of publication, distribution, etc | Vikalpa: The Journal for Decision Makers |
| 300 ## - PHYSICAL DESCRIPTION | |
| Extent | 49(2), Apr-Jun, 2024: p.121-128 |
| 520 ## - SUMMARY, ETC. | |
| Summary, etc | My competitive spirit was well—I felt the adrenaline course through my veins and all of a sudden I had a new purpose in life. I knew that I could do this. The decision was made. I had seized the bull by its horns. However, as luck would have it before I could convert my plans to reality, I had to overcome an unexpected obstacle.- Reproduced https://journals.sagepub.com/doi/full/10.1177/02560909241254147 |
| 650 ## - SUBJECT ADDED ENTRY--TOPICAL TERM | |
| Topical term or geographic name as entry element | Competitive Spirit, Adrenaline Rush, Life Purpose, Determination, Turning Point, Unexpected Obstacle, Personal Challenge, Motivation, Decision Making, Resilience |
| 9 (RLIN) | 57013 |
| 773 ## - HOST ITEM ENTRY | |
| Main entry heading | Vikalpa: The Journal for Decision Makers |
| 906 ## - LOCAL DATA ELEMENT F, LDF (RLIN) | |
| Subject DIP | MOTIVATION |
| 942 ## - ADDED ENTRY ELEMENTS (KOHA) | |
| Item type | Articles |
| Withdrawn status | Lost status | Source of classification or shelving scheme | Damaged status | Not for loan | Permanent location | Current location | Date acquired | Serial Enumeration / chronology | Barcode | Date last seen | Koha item type |
|---|---|---|---|---|---|---|---|---|---|---|---|
| Indian Institute of Public Administration | Indian Institute of Public Administration | 2024-08-21 | 49(2), Apr-Jun, 2024: p.121-128 | AR132744 | 2024-08-21 | Articles |
